000 00500cam a2200181ua 4500
020 _c14.60
041 _aeng
_h
082 _a537
_bSTA/EL
100 _aStarling, S.G .
245 _aElectricity and magnetism for higher school certificate and intermediate students /
_cS.G.Starling.
_hTextual Documents
250 _a2 /
_b.
260 _aLondon :
_bLongaman Green and Co ,
_c1949.
300 _a366 :
_b` ; .
365 _a14.60
504 _a
942 _cBK
999 _c1751
_d1751